00422nam a22001697a 450000500170000000800410001701000140005802000150007202000160008703500130010308200120011610000210012824500440014926000320019326000090022530000180023420081031150753.0081031t xxu||||| |||| 00| 0 eng d aENG-84385 a8176489184 c595.00 (hb) aEN-67918 a641.555 aChakravarti, V K aFive star cuisine /cby B K Chakravarti aNew DelhibA P H Publishing cn.d. axi,197pc24cm